| 000 | 01256nam a2200373 c 4500 | ||
|---|---|---|---|
| 001 | 4047 | ||
| 003 | ES-MaCES | ||
| 005 | 20150929135353.0 | ||
| 008 | 960320s1995 lu ||| | fre d | ||
| 020 | _a9282742415 | ||
| 035 | _aCES19980040813m | ||
| 040 |
_aES-MaCES _bspa _cES-MaCES |
||
| 245 | 0 | 0 |
_aEnquête sur les forces de travail _pRésultats 1993 _c[Eurostat] |
| 260 |
_aLuxembourg _bOffice des publications officielles des Communautés européennes _c1995 |
||
| 300 |
_a259 p. _c30 cm |
||
| 490 | 1 | _aThème 3, Population et conditions sociales. Série C, Comptes et enquêtes | |
| 541 | _cCompra | ||
| 650 | 4 |
_aempleo _928299 |
|
| 650 | 4 |
_adesempleo _928308 |
|
| 650 | 4 |
_abúsqueda de empleo _927759 |
|
| 650 | 4 |
_ahoras de trabajo _928335 |
|
| 650 | 4 |
_atasa de actividad de mano de obra _929463 |
|
| 650 | 4 |
_a1993 _930807 |
|
| 650 | 4 |
_adatos estadísticos _930765 |
|
| 650 | 4 |
_ainforme _928986 |
|
| 653 | 1 | 0 | _aEstadísticas económico-sociales |
| 650 | 4 |
_929020 _apaís de la UE |
|
| 650 | 4 |
_926752 _aUE |
|
| 710 | 2 |
_aEurostat _93516 |
|
| 830 | 0 |
_aThème 3, Population et conditions sociales _pSérie C, Comptes et enquêtes _932660 |
|
| 902 | _aLIB Libro | ||
| 942 |
_2CES _cBK _h8.2. |
||
| 999 |
_c4047 _d4047 |
||